00157nam a2200073Ia 4500008004100000041000800041100001600049245001800065250605s9999 xx 000 0 und d aeng aAman Sharma aCummins India